Responses for Show #1619 - Thursday, September 19, 1991

Contestants

[<< previous game]

Kerrie McCaw, a retail supervisor originally from Portland, Oregon

Charles Wolfe, a statistician from Arlington, Virginia

Phil Katz, a doctoral candidate from Princeton, New Jersey (whose 1-day cash winnings total $18,600)

[next game >>]

Jeopardy! Round responses

3-LETTER WORDS
(Alex: That sounds easy.)
HISTORIC NICKNAMES
CARD GAMES
SOUTH AMERICA
THE 1990 OSCARS
ROOMS
    $100 20
tap

Phil
    $100 1
Benjamin Franklin

Charles
    $100 11
solitaire

Kerrie
    $100 15
(Phil: What is aluminum?)

copper

PhilCharles
    $100 12
Dances with Wolves

Phil
    $100 4
the dressing room

Phil
    $200 21
a cub

Phil
    $200 2
Avon

Phil
    $200 13
21 (or blackjack)

Kerrie
    $200 16
the Sugarloaf Mountain

Kerrie
    $200 27
Dick Tracy

Phil
    $200 7
a den

Charles
    $300 22
an elf

Phil
    $300 3
Alexander the Great

Kerrie
    $300 14
(Phil: What is rummy?)

bridge

PhilCharles
    $300 17
(Charles: What is Quito?)

Guayaquil

PhilCharles
    $300 28
Whoopi Goldberg

Phil
    $300 8
a sitting room

Charles
    $400 23
an orb

Phil
    $400 5
Napoleon I

Phil
    $400 18
chemin de fer

Phil
    $400 25
Bolivia

Charles
    $400 29
Goodfellas

Charles
    $400 9
the bedroom

Phil
    $500 24
a gnu

Charles
    $500 6
(Charles: What is Bonnie Prince Charlie?)

the Merry Monarch

Charles
Triple Stumper
    $500 19
aces

Triple Stumper
    $900 26
(Alex: The answer there is the Daily Double, and we have one minute to go in the round, Charles.)
...
(Charles: What is Venezuela?)
(Alex: Ohh, sorry. Picked the wrong one. You had to go to the other side of the country for [*].)

Colombia

Charles
    $500 30
Jeremy Irons

Phil
    $500 10
(Alex: Yes, come into my [*].)

her parlor

Phil

Scores at the first commercial break (after clue 14):

Phil Charles Kerrie
$1,400 $400 $600

Scores at the end of the Jeopardy! Round:

Phil Charles Kerrie
$4,000 $600 $800

Double Jeopardy! Round responses

FIRST LADIES
WORLD FACTS
FRENCH LITERATURE
ARCHITECTURE
BIRDS
NATIONAL FORESTS
    $200 12
the Girl Scouts

Kerrie
    $200 17
Vatican City

Kerrie
    $200 2
"I think, therefore I am"

Kerrie
    $200 6
(Alex: Right, of Spain.)

Queen Isabella

Kerrie
    $200 22
the robin

Phil
    $200 1
Indiana

Kerrie
    $400 13
(Mary) Ann Todd Lincoln

Kerrie
    $400 18
(Alex: [*]. In this case the Queen. Could be the ruler. Could be a man.)

(Phil: OK.)

the Queen of the Netherlands

Phil
    $1,000 3
Victor Hugo

Kerrie
    $400 8
Rome

Triple Stumper
    $400 23
hover

Charles
    $400 27
Yellowstone

Kerrie
    $600 14
Dolley Madison

Kerrie
    $600 19
China

Kerrie
    $600 4
Toreadors

Kerrie
    $600 9
St. Paul's

Phil
    $600 24
the crop

Charles
    $600 28
the Nez Perce Forest

Phil
    $800 15
Smith

Kerrie
    $800 20
Edmonton

Charles
    $800 5
(Jean-Paul) Sartre

Charles
    $800 10
Istanbul

Phil
    $800 25
penguins

Charles
    $800 29
California

Kerrie
    $3,000 16
(Alex: And Kerrie, while you take a moment to think about your wager, I will offer this brief explanation to the viewers so that it will save you the task of writing in. A few moments ago Kerrie gave us a response referring to Mrs. Lincoln as Ann Todd Lincoln. We know her name is Mary Ann Todd Lincoln, but she gave us no incorrect information and so we ruled her right.)

Mamie Eisenhower

Kerrie
    $1000 21
Fez

Phil
    $1000 7
(Antoine de) Saint-Exupéry

Phil
    $1000 11
Portugal

Triple Stumper
    $1000 26
the ibis

Phil
    $1000 30
(Phil: What are Vermont and New Hampshire?)

Maine and New Hampshire

PhilCharles

Scores at the end of the Double Jeopardy! Round:

Phil Charles Kerrie
$8,600 $5,000 $10,000

[wagering suggestions for these scores]

Final Jeopardy! Round responses

ORGANIZATIONS
CharlesWhat is March of Dimes?
$4,999
PhilWhat is the March of Dimes?
$3,600
KerrieWhat is the March of Dimes?
$10,000
March of Dimes

Final scores:

Phil Charles Kerrie
$12,200 $9,999 $20,000
2nd place: Mexican vacation + Jeopardy! home game or the computerized version of Jeopardy! 3rd place: wall coverings + Jeopardy! home game or the computerized version of Jeopardy! New champion: $20,000

Game dynamics:

Coryat scores:

Phil Charles Kerrie
$8,600 $5,900 $7,400
23 R,
3 W
14 R,
3 W
(including 1 DD)
18 R
(including 2 DDs),
0 W

Combined Coryat: $21,900

[game clues] [game scores] [suggest correction]

Game tape date: 1991-08-12
The J! Archive is created by fans, for fans. Scraping, republication, monetization, and malicious use prohibited; this site may use cookies and collect identifying information. See terms. The Jeopardy! game show and all elements thereof, including but not limited to copyright and trademark thereto, are the property of Jeopardy Productions, Inc. and are protected under law. This website is not affiliated with, sponsored by, or operated by Jeopardy Productions, Inc. Join the discussion at JBoard.tv.